Sarang labah-labah

Bibliographic Details
Format: Book
Published: Kuala Lumpur : Fargoes , 2005
Series:Siri adikku rajin membaca
Subjects:

MARC

LEADER 00000cam a2200000 7i4500
001 0000007731
005 20070925.0
008 070906
020 |a 9833313140 
090 0 0 |a JF   |b JAW (8631) 
245 1 0 |a Sarang labah-labah 
260 |a Kuala Lumpur :   |b Fargoes ,   |c 2005 
300 |a 1 compact disc 
440 |a Siri adikku rajin membaca 
650 0 |a Jawi   |x Fiction 
999 |a 0000903495   |b Book   |c Children Collection   |e Cawangan Mersing 
999 |a 0000903499   |b Book   |c Children Collection   |e Cawangan Tangkak 
999 |a 0000903500   |b Book   |c Children Collection   |e Cawangan Tmn. Ungku Tun Aminah 
999 |a 0000903501   |b Book   |c Children Collection   |e Cawangan Tmn. Ungku Tun Aminah 
999 |a 0000903502   |b Book   |c Children Collection   |e Cawangan Sri Merlong 
999 |a 0000903503   |b Book   |c Children Collection   |e Cawangan Sri Merlong 
999 |a 0000903504   |b Book   |c Children Collection   |e Cawangan Mersing 
999 |a 0000990989   |b Book   |c Children Collection   |e Perbadanan Perpustakaan Awam Johor 
999 |a 0000990990   |b Book   |c Children Collection   |e Perbadanan Perpustakaan Awam Johor 
999 |a 0000990991   |b Book   |c Children Collection   |e Perbadanan Perpustakaan Awam Johor